| 000 | 00727nam a2200205Ia 4500 | ||
|---|---|---|---|
| 999 |
_c37858 _d37858 |
||
| 001 | 3836 | ||
| 003 | GE_BSU | ||
| 005 | 20190815162844.0 | ||
| 008 | 181216s1985||||ge |||||||||||||| ||geo|| | ||
| 040 | _cGE_BSU | ||
| 041 | _ageo | ||
| 080 | _a173 ბ–57 | ||
| 100 |
_aბერძენიშვილი, მამია _93625 |
||
| 245 |
_aოჯახი დღეს, ხვალ / _cრედ. შ. ჯაფარიძე. |
||
| 264 |
_aბათუმი : _bსაბჭ. აჭარა, _c1985. |
||
| 300 |
_a99 გვ. ; _b17 სმ. |
||
| 653 | _aბავშვის აღზრდა ოჯახში | ||
| 700 |
_aჯაფარიძე, შ. _eრედაქტორი _93626 |
||
| 942 |
_cBK _2udc |
||